| 000 | 01078cam a2200265 i 4500 | ||
|---|---|---|---|
| 003 | SA-RiAUC | ||
| 005 | 20251102135435.0 | ||
| 008 | 251027s1961 su f l f000 0 ara c | ||
| 040 |
_aSA-RiSAMA _bara _cSA-RiAUC _erda |
||
| 043 | _aa-su--- | ||
| 082 | 0 | 4 | _a346.53101 |
| 090 |
_a346.53101 _bس ع و |
||
| 110 | 1 |
_aالسعودية _eمؤلف. |
|
| 240 | 1 | 0 | _aنظام دائرة النفوس (1358 هـ) |
| 245 | 1 | 0 |
_aنظام دائرة النفوس بالمملكة العربية السعودية رقم 38 / 2 / 62 في 24 / 6 / 1358 هـ / _cوزارة الداخلية. |
| 264 | 1 |
_aمكة المكرمة : _bمطبعة الحكومة، _c[1961] |
|
| 300 |
_a8 صفحة؛ _c24 سم |
||
| 336 |
_aنص _btxt _2rdacontent _3كتاب |
||
| 337 |
_aبدون وسيط _bn _2rdamedia |
||
| 338 |
_aمجلد _bnc _2rdacarrier |
||
| 650 | 7 |
_aالأحوال الشخصية _xقوانين وتشريعات _zالسعودية _2aucsh |
|
| 710 | 1 |
_aالسعودية. _bوزارة الداخلية _eمؤلف. |
|
| 942 |
_2ddc _cBOOK _n0 |
||
| 949 |
_aSA-JeALM _d251027 _umohamedma123 _n1 |
||
| 999 |
_c12943 _d12943 |
||